[Event "DSOL 01 Liga Gr-D 1st"]
[Site "Playchess.com INT"]
[Date "2020.08.11"]
[Round "2.3"]
[White "Grenz, Tobias"]
[Black "Sonnenschein, Philipp"]
[Result "1-0"]
[WhiteElo "1889"]
[BlackElo "2151"]
[PlyCount "79"]
[EventDate "2020.06.22"]
[EventType "team-tourn (rapid)"]
[EventCountry "GER"]
[SourceTitle "EXT 2021"]
[Source "ChessBase"]
[SourceDate "2020.10.23"]
[SourceVersion "1"]
[SourceVersionDate "2020.10.23"]
[SourceQuality "1"]
[WhiteTeam "Landau"]
[BlackTeam "Dinslaken"]
[WhiteTeamCountry "GER"]
[BlackTeamCountry "GER"]

1. d4 Nf6 2. c4 g6 3. Nc3 d5 4. h4 dxc4 5. e4 c5 6. d5 b5 7. e5 b4 8. exf6 bxc3 9. Bxc4 exf6 10. bxc3 h5 11. Bb5+ Bd7 12. Qe2+ Qe7 13. Bd3 Bg4 14. Qxe7+ Bxe7 15. d6 Nd7 16. dxe7 Kxe7 17. Be3 Rab8 18. Ne2 Rb2 19. f3 Be6 20. 0-0 c4 21. Rfb1 cxd3 22. Rxb2 dxe2 23. Rxe2 Rc8 24. Bxa7 Rxc3 25. a4 Rc6 26. f4 Kd8 27. a5 Ra6 28. Bd4 Bf5 29. Rd2 Kc7 30. Rc1+ Rc6 31. Rxc6+ Kxc6 32. a6 Kc7 33. a7 Kb7 34. Re2 Be6 35. Rb2+ Ka8 36. Kf2 Bd5 37. Re2 Be6 38. Rc2 Nf8 39. Rc7 f5 40. Re7 1-0

[Event "Untergrombach-ch 35th"]
[Site "Untergrombach"]
[Date "2018.01.02"]
[Round "1"]
[White "Grenz, Tobias"]
[Black "Bach, Edwin"]
[Result "0-1"]
[WhiteElo "1879"]
[BlackElo "2221"]
[PlyCount "66"]
[EventDate "2018.01.02"]
[EventType "swiss"]
[EventRounds "7"]
[EventCountry "GER"]
[SourceTitle "CBM 182 Extra"]
[Source "ChessBase"]
[SourceDate "2018.02.23"]
[SourceVersion "1"]
[SourceVersionDate "2018.02.23"]
[SourceQuality "1"]

1. d4 Nf6 2. c4 c5 3. d5 e6 4. Nc3 exd5 5. cxd5 d6 6. e4 g6 7. Bd3 Bg7 8. h3 0-0 9. Nf3 Nh5 10. 0-0 a6 11. a4 Nd7 12. Nd2 Ne5 13. Be2 Nf4 14. Bg4 f5 15. exf5 Bxf5 16. Nde4 Nxg4 17. hxg4 Bxe4 18. Nxe4 Qe7 19. Re1 Bd4 20. Nxc5 Bxf2+ 21. Kxf2 Nd3+ 22. Kg3 Qxe1+ 23. Qxe1 Nxe1 24. Bh6 Nc2 25. Bxf8 Nxa1 26. Bxd6 Rd8 27. Kf4 Rxd6 28. Ke5 Rb6 29. d6 Kf7 30. Ne4 Rxb2 31. Nc3 Rd2 32. Nd5 Nb3 33. d7 Rxd5+ 0-1

[Event "RLP-ch MTB 26th"]
[Site "Ludwigshafen"]
[Date "2007.07.13"]
[Round "1"]
[White "Hennrich, Reinhard"]
[Black "Grenz, Tobias"]
[Result "1/2-1/2"]
[WhiteElo "1873"]
[BlackElo "1406"]
[PlyCount "45"]
[EventDate "2007.07.13"]
[EventType "swiss"]
[EventRounds "7"]
[EventCountry "GER"]
[SourceTitle "EXT 2009"]
[Source "ChessBase"]
[SourceDate "2008.11.26"]
[SourceVersion "1"]
[SourceVersionDate "2008.11.26"]
[SourceQuality "1"]

1. d4 c6 2. Nf3 d5 3. e3 Bf5 4. Bd3 Bxd3 5. Qxd3 e6 6. 0-0 Nf6 7. Nbd2 c5 8. dxc5 Bxc5 9. Qb5+ Nbd7 10. Qxb7 0-0 11. Qb5 Rb8 12. Qe2 Qc7 13. c3 Bd6 14. h3 Nc5 15. Nd4 Na4 16. Nb5 Bh2+ 17. Kh1 Qc5 18. Kxh2 Rxb5 19. Kh1 Nxb2 20. Nb3 Qc4 21. Qxc4 Nxc4 22. f3 Rc8 23. Rf2 1/2-1/2